La integración de la perspectiva de género en la aplicación e interpretación de las normas por la jurisdicción social (Registro nro. 49435)
[ vista simple ]
| 000 -CABECERA | |
|---|---|
| Longitud fija campo de control | 01037naa a2200253 c 4500 |
| 001 - NÚMERO DE CONTROL | |
| Número de control | 49435 |
| 003 - IDENTIFICADOR DE NÚMERO DE CONTROL | |
| Identificador del número de control | ES-MaCES |
| 005 - FECHA Y HORA DE LA ÚLTIMA TRANSACCIÓN | |
| Fecha y hora de la última transacción | 20170522133825.0 |
| 008 - CAMPO FIJO DE DESCRIPCIÓN FIJA--INFORMACIÓN GENERAL | |
| Códigos de información de longitud fija | 170522s2016 sp ||||| t||||||| ||spa d |
| 040 ## - FUENTE DE CATALOGACIÓN | |
| Centro catalogador de origen | ES-MaCES |
| Lengua de catalogación | spa |
| Centro transcriptor | ES-MaCES |
| Centro modificado | ES-MaCES |
| 100 1# - ENCABEZAMIENTO PRINCIPAL--NOMBRE PERSONAL | |
| 9 (RLIN) | 17072 |
| Nombre de persona | Lousada Arochena, José Fernando |
| 245 13 - MENCIÓN DE TÍTULO | |
| Título | La integración de la perspectiva de género en la aplicación e interpretación de las normas por la jurisdicción social |
| Mención de responsabilidad, etc. | José F. Lousada Arochena |
| 650 #4 - ASIENTO SECUNDARIO DE MATERIA--TÉRMINO DE MATERIA | |
| 9 (RLIN) | 28657 |
| Término de materia o nombre geográfico como elemento inicial | mujeres |
| 650 #4 - ASIENTO SECUNDARIO DE MATERIA--TÉRMINO DE MATERIA | |
| 9 (RLIN) | 28413 |
| Término de materia o nombre geográfico como elemento inicial | trabajadora |
| 650 #4 - ASIENTO SECUNDARIO DE MATERIA--TÉRMINO DE MATERIA | |
| 9 (RLIN) | 27173 |
| Término de materia o nombre geográfico como elemento inicial | derechos de la mujer |
| 650 #4 - ASIENTO SECUNDARIO DE MATERIA--TÉRMINO DE MATERIA | |
| 9 (RLIN) | 29521 |
| Término de materia o nombre geográfico como elemento inicial | discriminación por razones de sexo |
| 650 #4 - ASIENTO SECUNDARIO DE MATERIA--TÉRMINO DE MATERIA | |
| 9 (RLIN) | 27183 |
| Término de materia o nombre geográfico como elemento inicial | igualdad de oportunidades |
| 650 #4 - ASIENTO SECUNDARIO DE MATERIA--TÉRMINO DE MATERIA | |
| 9 (RLIN) | 27153 |
| Término de materia o nombre geográfico como elemento inicial | legislación |
| 650 #4 - ASIENTO SECUNDARIO DE MATERIA--TÉRMINO DE MATERIA | |
| 9 (RLIN) | 28624 |
| Término de materia o nombre geográfico como elemento inicial | jurisprudencia |
| 653 10 - TÉRMINO DE INDEXACIÓN--NO CONTROLADO | |
| Término no controlado | Mujer |
| 773 0# - ENTRADA DE DOCUMENTO FUENTE | |
| Itemnumber del ítem fuente | 85852 |
| Lugar, editor y fecha de publicación | Albacete (Concepción, 12, 2º izda., 02002) Bomarzo 1998- |
| Otro identificador del documento | 088750 |
| Título | Revista de derecho social |
| Número de control del registro relacionado | (ES-MaCES)25695 |
| Parte(s) relacionada(s) | n. 76 (oct.-dic. 2016) {10693 R. 088750} ;p. 39-58 |
| 902 ## - CES. TIPO DE DOCUMENTO | |
| Tipodoc (006$c Sirtex) | ART Artículo de revista |
| 942 ## - ELEMENTOS KOHA | |
| Fuente de clasificaión o esquema | Clasificación propia del CES |
| Koha [por defecto] tipo de item | Artículos (1982-2017) |
| Parte de clasificación | Asuntos Sociales |
No hay ítems disponibles.
